Zásady uplatňované v účetnictví. 1.
V trhových podmienkach sa účtovníctvo stáva účinným nástrojom riadenia na podnikovej i vnútropodnikovej úrovni. Zákon č. 563/1991 Zb., ako základ úpravy účtovníctva v súčasnej dobe v ČSFR. Štandardy a direktívy Rady ES, ktoré musí účtovníctvo rešpektovať. Náčrt všeobecne uznávaných predpokladov riad...
Salvato in:
| Autore principale: | |
|---|---|
| Natura: | Capitolo di libro |
| Lingua: | ceco |
| Soggetti: | |
| Tags: |
Nessun Tag, puoi essere il primo ad aggiungerne!!
|
MARC
| LEADER | 00000naa a2200000 4500 | ||
|---|---|---|---|
| 001 | r010087 | ||
| 005 | 20220831083358.9 | ||
| 041 | 0 | |a cze | |
| 044 | |a [CS] | ||
| 245 | 1 | 0 | |a Zásady uplatňované v účetnictví. 1. |c A. Valder |
| 520 | |a V trhových podmienkach sa účtovníctvo stáva účinným nástrojom riadenia na podnikovej i vnútropodnikovej úrovni. Zákon č. 563/1991 Zb., ako základ úpravy účtovníctva v súčasnej dobe v ČSFR. Štandardy a direktívy Rady ES, ktoré musí účtovníctvo rešpektovať. Náčrt všeobecne uznávaných predpokladov riadneho účtovníctva. | ||
| 610 | 2 | 0 | |a účtovníctvo |
| 610 | 2 | 0 | |a riadenie podnikové |
| 610 | 2 | 0 | |a predpisy právne |
| 610 | 2 | 0 | |a ČSFR |
| 100 | 1 | |a Valder, A. | |